000 00483nam a22001817a 4500
999 _c17921
_d17921
003 OSt
005 20201117101437.0
008 201117b ||||| |||| 00| 0 eng d
020 _a0866910379
040 _aSEKU
050 _aTK 4055
_b.I57
100 _aFundamentals of service
245 _aElectrical systems compact equipment
_cFundamentals of service
260 _aMoline:
_bDeere and company,
_c1982.
300 _a40.:
650 _aElectrical
_xSystems
942 _2lcc
_cGEN